• 首页
  • 本馆介绍
  • 公告通知
  • 最新文献
  • 馆藏检索
  • 电子资源
  • 读者导购
  • 参考咨询
  • 我的图书馆
  • 登录
  • 详细信息显示
  • 放入我的书架
  • 预约/预借图书
  • 作者相关作品
  • 分类相关作品
  • 丛书相关作品
  • 出版社相关作品

书目信息

  • 表格格式
  • 工作单格式
  • 卡片格式
题名:
草地退化遥感监测
    
 
作者: 李建龙 主编
分册:  
出版信息: 北京   科学出版社  2012
页数: 14,222页
开本: 26cm
丛书名:
单 册:
中图分类: S812.6
科图分类:
主题词: 遥感技术 , 退化草地 , 遥感技术--应用--退化草地--监测
电子资源:
ISBN: 978-7-03-034759-6
000 01162nam0 2200289 45
001 1354480561
005 20130510093427.00
010    @a978-7-03-034759-6@dCNY75.00
100    @a20130108d2012 em y0chiy50 ea
101 0  @achi
102    @aCN@b110000
105    @aaf z 000yy
106    @ar
200 1  @a草地退化遥感监测@ACao Di Tui Hua Yao Gan Jian Ce@f李建龙主编@FLi Jian Long Zhu Bian
210    @a北京@c科学出版社@d2012
215    @a14,222页@c图, 图版@d26cm
300    @a中国科学院科学出版基金资助出版
312    @a封面英文题名:Remote sensing monitoring of grassland degradation
330    @a本书系统地论述了草地退化遥感监测的主要基础理论、原理及其相关的技术方法,草地退化遥感监测使用的信息源,数据预处理方法,遥感监测机理;典型草地退化的遥感像元解译与分类;典型退化草地类型光谱特征分析与解译;典型退化草地混合像元分解及退化特征解译方法等。
510 1  @aRemote sensing monitoring of grassland degradation@zeng
606 0  @a遥感技术
606 0  @a退化草地
606 0  @a遥感技术@x应用@x退化草地@x监测
690    @aS812.6@v5
701  0 @a李建龙@ALi Jian Long@4主编
801    @aCN@bTANGWEI@c20130108
905    @b0830161-64@dS812.6@e91@f4
    
    草地退化遥感监测/李建龙主编.-北京:科学出版社,2012
    14,222页:图, 图版;26cm
    中国科学院科学出版基金资助出版
    
    ISBN 978-7-03-034759-6:CNY75.00
    本书系统地论述了草地退化遥感监测的主要基础理论、原理及其相关的技术方法,草地退化遥感监测使用的信息源,数据预处理方法,遥感监测机理;典型草地退化的遥感像元解译与分类;典型退化草地类型光谱特征分析与解译;典型退化草地混合像元分解及退化特征解译方法等。
●
相关链接 在E读中查询图书 在五车中查询图书 在当当中查询图书 在豆瓣中查询图书


正题名:草地退化遥感监测     索取号:S812.6/91         预约/预借

序号 登录号 条形码 馆藏地/架位号 状态 备注
1 0830161   208301611   第二样本阅览室/ [索取号:S812.6/91] 在馆    
2 0830162   208301620   第三借阅区/ [索取号:S812.6/91] 在馆    
3 0830163   208301639   第三借阅区/ [索取号:S812.6/91] 在馆    
4 0830164   208301648   第三借阅区/ [索取号:S812.6/91] 在馆    
唐山师范学院图书馆 欢迎您!
大连网信软件有限公司© 版权所有